000 00294 a2200121 4500
005 20250414141645.0
082 _a657.42 KAR
100 _aKARKHANIS, P. D.
245 _aAn Introduction to Accountancy
260 _aKampala,
_c1970.
300 _a383p.: table
_bReferences
_c24cm.
942 _2ddc
_cBKS
999 _c1397
_d1397